000 00320nam a2200109Ia 4500
008 241014s9999||||xx |||||||||||||| ||und||
020 _a1-57491-123-6
100 _aRosenbaum Deborah
245 0 _aClinical Reserch Coordinator Hand book GCP; Tools and Techniques
260 _bInforma healthcare
_c2008
942 _bDCOP
_cBK
999 _c2877
_d2877